Symmetry in Quantum Optics Models (Record no. 34099)
[ view plain ]
| 000 -LEADER | |
|---|---|
| fixed length control field | 00805nam a2200121Ia 4500 |
| 008 - FIXED-LENGTH DATA ELEMENTS--GENERAL INFORMATION | |
| fixed length control field | 220620s9999||||xx |||||||||||||| ||und|| |
| 100 ## - MAIN ENTRY--PERSONAL NAME | |
| Personal name | Lamata, Lucas |
| 245 #0 - TITLE STATEMENT | |
| Title | Symmetry in Quantum Optics Models |
| 546 ## - LANGUAGE NOTE | |
| Language note | English[eng] |
| 650 ## - SUBJECT ADDED ENTRY--TOPICAL TERM | |
| Topical term or geographic name entry element | microwave photons||n/a||circuit quantum electrodynamics||fractional Fourier transform||spin-boson model||reconstruction of the wave function||multiphoton processes||quantum entanglement||topological excitations||Floquet||light–matter interaction||semiconductors||quasiprobability distribution functions||dynamical mean field theory||global spectrum||superconducting circuits||Jaynes-Cummings model||quantum Rabi model||quantum simulation||non-equilibrium||stark-effect||integrable systems |
| 856 ## - ELECTRONIC LOCATION AND ACCESS | |
| Uniform Resource Identifier | <a href="https://mdpi.com/books/pdfview/book/1833">https://mdpi.com/books/pdfview/book/1833</a> |
| 942 ## - ADDED ENTRY ELEMENTS (KOHA) | |
| Koha item type | E-Books |
| Withdrawn status | Lost status | Damaged status | Not for loan | Home library | Current library | Date acquired | Total Checkouts | Date last seen | Price effective from | Koha item type |
|---|---|---|---|---|---|---|---|---|---|---|
| Kerala University of Digital Sciences, Innovation and Technology Knowledge Centre | Kerala University of Digital Sciences, Innovation and Technology Knowledge Centre | 20/06/2022 | 20/06/2022 | 20/06/2022 | E-Books |